000 00476nam a2200157 i 4500
001 59665
003 ES-MaACL
005 20230906164057.0
007 t|
008 031030q1969 sp ||||1| spa d
245 0 0 _aEnergía.
260 _a[Madrid] :
_bComisaría del Plan de Desarrollo Económico y Social,
_c[1969?]
300 _a127 p. ;
_c30 cm.
710 1 _aEspaña.
_bComisaría del Plan de Desarrollo Económico y Social.
_93631
852 _aES-MaACL
_jC-41474
_bR.72892
999 _c59665
_d59665